[Event "ITA-ch"]
[Site "Saint Vincent"]
[Date "1998.11.26"]
[Round "6"]
[White "Efimov, Igor"]
[Black "Caposciutti, Maurizio"]
[Result "1/2-1/2"]
[WhiteElo "2530"]
[BlackElo "2360"]

1.d4 d6 2.e4 Nf6 3.Nc3 c6 4.f4 Qa5 5.Bd3 d5 6.e5 Ne4 7.Bxe4 dxe4 8.Qe2 Na6
9.Qxe4 g6 10.Nf3 Bf5 11.Qe2 Nb4 12.O-O Nxc2 13.g4 Nxa1 14.gxf5 Qa6 15.fxg6 hxg6
16.Qe4 Qb6 17.Qb1 e6 18.Qxa1 O-O-O 19.Be3 c5 20.Qc1 Kb8 21.Na4 Qc6 22.b3 Qe4
23.d5 exd5 24.Bxc5 Bxc5+ 25.Nxc5 Qf5 26.Qd2 b6 27.Nd3 Rc8 28.Nd4 Qh3 29.Rf3 Qg4+
30.Rg3 Qh5 31.h3 Qh4 32.Kg2 Qe7 33.Qb4 Qd7 34.Qd6+ Qxd6 35.exd6 Rhd8 36.Ne5 Rxd6
37.Nxf7 Rf6 38.Ne5 Rxf4 39.Ndc6+ Kb7 40.Rxg6 Rc7 41.Kg3 Re4 42.b4 Rh7 43.Nf3 Re3
44.a4 Ra3 45.a5 Rxh3+ 46.Kxh3 Rxf3+ 47.Kg2 Rf8 48.b5 bxa5 49.Nxa5+ Kc7 50.Nb3 Rb8
51.Nd4 Rb6 52.Rg7+ Kd6 53.Kf3 Kc5 54.Ke3 Rh6 55.Rc7+ Kb4 56.Rxa7 Rh3+ 57.Kf4 Kc5
58.Ra4 Rh4+ 59.Ke5 Re4+ 60.Kf5 Re1 61.Kf6 Re4 62.Kf7 Re1 63.Kf6 Re4 64.Kf5 Re1
65.Ne6+ Kxb5 66.Rd4 Kc6 67.Nf4 Rf1 68.Rd2 Rf3 69.Rd1 Rb3 70.Nxd5 Rb2 71.Ne3 Rh2
72.Ke5 Re2 73.Rc1+ Kd7 74.Rc3 Rh2 75.Nf5 Re2+ 76.Kd5 Rd2+ 77.Nd4 Rh2 78.Rf3 Rh5+
79.Nf5 Rh1 80.Ra3 Rd1+ 81.Nd4 Ke7 82.Ra6 Rh1 83.Nf3 Rb1 84.Re6+ Kd7 85.Ne5+ Kc7
86.Re7+ Kd8 87.Ra7 Rd1+ 88.Ke6 Re1 89.Rh7 Re2 90.Rd7+ Kc8  1/2-1/2

[Event "National Congress 29th"]
[Site "Philadelphia"]
[Date "1998.11.29"]
[Round "5"]
[White "Popovych, Orest"]
[Black "Strenzwilk, Denis"]
[Result "1/2-1/2"]
[WhiteElo "2295"]
[BlackElo "2195"]

1.e4 d6 2.d4 Nf6 3.Nc3 c6 4.f4 Qa5 5.Bd2 Qb6 6.Nf3 Bg4 7.Na4 Qc7 8.h3 Bxf3
9.Qxf3 e5 10.dxe5 dxe5 11.O-O-O Nbd7 12.g4 exf4 13.Bxf4 Qa5 14.Nc3 Ne5 15.Qg3 Nfd7
16.Kb1 Be7 17.Nb5 f6 18.Nd4 O-O-O 19.Ne6 Rdg8 20.Be2 Nc5 21.Nxc5 Qxc5 22.Qb3 Rd8
23.Be3 Qb4 24.Bxa7 Qxb3 25.cxb3 Rxd1+ 26.Rxd1 Kc7 27.Be3 Re8 28.Bf4 Bd6 29.Bxe5 Rxe5
30.Bf3 g6 31.Kc2 Bc5 32.a3 f5 33.gxf5 gxf5 34.exf5 Rxf5 35.Rd3 Bd6 36.b4 Rg5
37.Be4 h6 38.Rf3 Rg2+ 39.Kb1 Rg3 40.Rf7+ Kb6 41.Rf6 Be5 42.Rxh6 Rb3 43.Rh5 Bd4
44.Kc2 Rxb2+ 45.Kd3 Bg7 46.Kc4 Rf2 47.Rf5  1/2-1/2

[Event "Wch U20 Girls"]
[Site "Calicut"]
[Date "1998.11.30"]
[Round "13"]
[White "Khamrakulova, Iroda"]
[Black "Ratcu, Tatiana"]
[Result "1-0"]
[WhiteElo "2145"]
[BlackElo "2195"]

1.e4 d6 2.d4 Nf6 3.Nc3 c6 4.Be3 Qa5 5.Qd2 Nbd7 6.f3 e5 7.g4 Be7 8.h4 a6 9.h5 h6
10.Nge2 Nh7 11.Ng3 Ng5 12.Be2 Nf6 13.Nf5 Bxf5 14.exf5 O-O-O 15.O-O-O Rhe8
16.Kb1 Nd7 17.Rhf1 Kb8 18.Qc1 exd4 19.Bxd4 Bf6 20.Bxf6 Nxf6 21.Qf4 Qe5 22.Qb4 Nd5
23.Nxd5 Qxe2 24.Nc3 Qe7 25.Na4 Qf6 26.Rd3 Nh3 27.f4 c5 28.Qd2 Re4 29.Nxc5 dxc5
30.Rxd8+ Ka7 31.Qd5 Qe7 32.Rd7 Re1+ 33.Rxe1 Qxe1+ 34.Qd1 Qxd1+ 35.Rxd1 Nxf4
36.Rd7  1-0

[Event "Budapest FS12 GM"]
[Site "Budapest"]
[Date "1998.12.13"]
[Round "9"]
[White "Zimmerman, Yuri"]
[Black "Vaulin, Alexander"]
[Result "1/2-1/2"]
[WhiteElo "2340"]
[BlackElo "2550"]

1.d4 d6 2.e4 Nf6 3.Nc3 e5 4.dxe5 dxe5 5.Qxd8+ Kxd8 6.Bc4 Be6 7.Bxe6 fxe6
8.f3 Bc5 9.Na4 Bb4+ 10.Bd2 Bxd2+ 11.Kxd2 Nbd7 12.Rd1 b5 13.Nc3 c6 14.Kc1 Ke7
15.Nh3 a5 16.Nf2 Nc5 17.Rd2 Rhd8 18.Rhd1 Rxd2 19.Rxd2 Nfd7 20.Ncd1 g5 21.Ne3 h5
22.Rd1 Rf8 23.h3 Rf7 24.b3 Rf8 25.Kb2 Nb6  1/2-1/2

[Event "BL2-S9899"]
[Site "Germany"]
[Date "1998.12.13"]
[Round "3.5"]
[White "Duschek, Volker"]
[Black "Miltner, Arndt"]
[Result "0-1"]
[WhiteElo "2235"]
[BlackElo "2395"]

1.e4 d6 2.d4 Nf6 3.Nc3 Nbd7 4.Nf3 e5 5.Bc4 Be7 6.O-O O-O 7.Re1 c6 8.a4 b6
9.b3 a6 10.Bb2 Rb8 11.Bd3 b5 12.axb5 axb5 13.Ne2 Qc7 14.Ng3 g6 15.Qd2 Re8
16.h4 h5 17.c4 b4 18.c5 Ng4 19.cxd6 Bxd6 20.Nxh5 gxh5 21.Qg5+ Kf8 22.Qxh5 Ndf6
23.Qg5 Nh7 24.Qh5 f6 25.Bc4 Qg7 26.Rad1 Nxf2 27.Ng5 Nxg5 28.hxg5 Bg4 29.Qh4 Nh3+
30.gxh3 Bxd1 31.Rf1 Ke7 32.Rxf6 Rf8 33.dxe5 Bc5+ 34.Kh2 Kd8 35.Qf4 Kc7 36.e6+ Bd6
37.e5 Bc5 38.e7 Qxe7 39.Qe4 Qd7 40.Bc1 Rbe8 41.Bf4 Kb6  0-1

[Event "BL2-S9899"]
[Site "Germany"]
[Date "1998.12.13"]
[Round "3.7"]
[White "Fahnenschmidt, Gerhard"]
[Black "Hauke, Christian"]
[Result "1-0"]
[WhiteElo "2375"]
[BlackElo "2210"]

1.d4 d6 2.e4 Nf6 3.Nc3 Nbd7 4.g3 e5 5.Nge2 Be7 6.Bg2 c6 7.a4 O-O 8.O-O Re8
9.b3 Bf8 10.h3 a5 11.Ba3 Qc7 12.Qd2 exd4 13.Nxd4 Nc5 14.Rfe1 Bd7 15.g4 d5
16.exd5 Rxe1+ 17.Qxe1 Re8 18.Qd2 Nce4 19.Nxe4 Nxe4 20.Bxe4 Bxa3 21.Bxh7+ Kxh7
22.Rxa3 Qd6 23.Qd3+ Kg8 24.Ra1 Qxd5 25.Rd1 Bc8 26.Nf3 Be6 27.Qxd5 Bxd5 28.Re1 Kf8
29.Rxe8+ Kxe8 30.Ne1 Kd7 31.f4 Kd6 32.Nd3 b5 33.Kf2 bxa4 34.bxa4 c5 35.Ke3 c4
36.Nb2 Kc5 37.c3 Bg2 38.h4 Bh3 39.g5 Kd5 40.h5 Bf5 41.Kf3 Bh7 42.h6 gxh6
43.gxh6  1-0

[Event "BL2-O9899"]
[Site "Germany"]
[Date "1998.12.13"]
[Round "3.1"]
[White "Kosten, Anthony C"]
[Black "Pribyl, Josef"]
[Result "1-0"]
[WhiteElo "2515"]
[BlackElo "2430"]

1.e4 d6 2.d4 Nf6 3.Nc3 e5 4.Nf3 Nbd7 5.Bc4 Be7 6.O-O O-O 7.a4 c6 8.Ba2 b6
9.Be3 Bb7 10.Nd2 a6 11.f4 b5 12.Qf3 exd4 13.Bxd4 b4 14.Ne2 c5 15.Be3 Qc7
16.Ng3 Rae8 17.Bf2 Bd8 18.Rfe1 Qc6 19.Bb3 a5 20.Bc4 Qc7 21.Rad1 g6 22.Bb5 Re6
23.Nc4 Rfe8 24.f5 Rxe4 25.Nxe4 Rxe4 26.Rxe4 Bxe4 27.Qe2 d5 28.Bg3 Qa7 29.fxg6 hxg6
30.Nd6 c4+ 31.Bf2 Bb6 32.Bxd7 Nxd7 33.Nxe4 dxe4 34.Bxb6 Qxb6+ 35.Kh1 Qc6
36.Qd2 Nf8 37.Qd5 Qxa4 38.Qxc4 e3 39.b3 Qe8 40.Re1 Qe5 41.Qd3 Qb2 42.h3 Ne6
43.Rxe3 Nd4 44.Kh2 a4 45.bxa4 Nxc2 46.Re8+ Kg7 47.Qd6 Qc1 48.Qf8+ Kf6 49.Qh8+ Kg5
50.Qe5+ f5 51.Qe7+  1-0

[Event "Marshall CC Winter"]
[Site "New York"]
[Date "1998.12.13"]
[Round "2"]
[White "Ashley, Maurice"]
[Black "Stripunsky, Alexander"]
[Result "0-1"]
[WhiteElo "2490"]
[BlackElo "2520"]

1.e4 d6 2.d4 Nf6 3.Nc3 c6 4.Nf3 Bg4 5.Be2 e6 6.O-O Be7 7.Be3 d5 8.e5 Nfd7
9.Nd2 Bxe2 10.Nxe2 c5 11.c3 Nc6 12.f4 g6 13.Nb3 cxd4 14.cxd4 O-O 15.Nc3 Nb6
16.Qe2 Nc4 17.Rad1 a5 18.Bf2 a4 19.Nc5 a3 20.b3 Nb2 21.Rd2 b6 22.N5a4 Nxa4
23.Nxa4 Nb4 24.Be3 Rb8 25.Nc3 Qd7 26.Nd1 Rbc8 27.Nf2 Rc7 28.Ng4 Rfc8 29.Nh6+ Kg7
30.f5 exf5 31.g4 f4 32.Rxf4 Rc1+ 33.Kg2 Rf8 34.Rf3 Bh4 35.Rd1 Rxd1 36.Qxd1 Qe7
37.Qd2 f6 38.exf6+ Rxf6 39.Bf4 Qe4 40.Qe3 Qxe3  0-1

[Event "Skopje op"]
[Site "Skopje"]
[Date "1998.12.14"]
[Round "3"]
[White "Kocovski, Ivan"]
[Black "Nikolov, Sasho"]
[Result "1/2-1/2"]
[WhiteElo "2290"]
[BlackElo "2400"]

1.d4 d6 2.e4 Nf6 3.Nc3 c6 4.f4 Qa5 5.Bd3 e5 6.Nf3 Nbd7 7.O-O Be7 8.Kh1 O-O
9.Be3 Re8 10.Qd2 Bf8 11.Rae1 Qc7 12.dxe5 dxe5 13.fxe5 Nxe5 14.Nxe5 Qxe5 15.Bf4 Qh5
16.e5 Nd7 17.Ne4 Nc5 18.Nd6 Re7 19.Bg5 Rc7 20.Bd8 Nxd3 21.cxd3 Rd7 22.Rf5 Qg6
23.Rg5 Qe6 24.Bf6 h6 25.Rg3 Kh7 26.Ne4 Rd4 27.Qe3 c5 28.Nxc5 Qd5 29.e6 gxf6
30.e7 Bf5 31.e8=Q Rxe8 32.Qxe8 Bg7 33.Ne4 Bg6 34.Qe7 Qc6 35.Nc3 f5 36.Rf3 Rg4
37.Qe8 Qb6 38.Qe2 Rh4 39.Qf2 Qd8 40.Rf4 Rxf4 41.Qxf4 Qxd3 42.Rd1 Qa6 43.Qd6 Qc4
44.Qd5 Qb4 45.Rd2 Qf4 46.Ne2 Qf1+ 47.Ng1 Qc1 48.b3  1/2-1/2

[Event "Skopje op"]
[Site "Skopje"]
[Date "1998.12.17"]
[Round "6"]
[White "Lazic, Miroljub"]
[Black "Popchev, Milko"]
[Result "1/2-1/2"]
[WhiteElo "2455"]
[BlackElo "2495"]

1.e4 d6 2.d4 Nf6 3.Nc3 c6 4.a4 g6 5.g3 Bg7 6.Bg2 O-O 7.h3 e5 8.Be3 Na6 9.Nge2 Nc7
10.O-O d5 11.dxe5  1/2-1/2

[Event "Padova op"]
[Site "Padova"]
[Date "1998.12.19"]
[Round "8"]
[White "Godena, Michele"]
[Black "Cacco, Christian"]
[Result "1-0"]
[WhiteElo "2510"]
[BlackElo "2190"]

1.e4 d6 2.d4 Nf6 3.Nc3 c6 4.Nf3 g6 5.h3 Bg7 6.Be3 b5 7.Bd3 Qa5 8.O-O O-O
9.Re1 Re8 10.e5 Nd5 11.Nxd5 cxd5 12.exd6 e6 13.Ne5 Nd7 14.Ng4 Rb8 15.Nh6+ Kf8
16.Qf3 f6 17.h4 Qd8 18.h5 Bxh6 19.Bxh6+ Kf7 20.hxg6+ hxg6 21.Bxg6+  1-0

[Event "Trinec op"]
[Site "Trinec"]
[Date "1998.12.26"]
[Round "1"]
[White "Sikora Lerch, Jan"]
[Black "Baier, Pavel"]
[Result "1/2-1/2"]
[WhiteElo "2380"]
[BlackElo "2185"]

1.e4 d6 2.d4 Nf6 3.Nc3 e5 4.dxe5 dxe5 5.Qxd8+ Kxd8 6.Bg5 Be6 7.O-O-O+ Kc8
8.f4 exf4 9.e5 h6 10.Bxf4 Ng4 11.Bg3 Ne3 12.Re1 Nxf1 13.Rxf1 Nc6 14.Nge2 Bc5
15.Kb1 Bd4 16.Nxd4 Nxd4 17.Rf2 Nf5 18.Bf4 b6 19.Rhf1 Ne7 20.b3 Kb7 21.Bg3 g5
22.Ne4 Nd5 23.Re1 a5 24.a4 Rad8 25.Kb2 Rd7 26.h4 Rg8 27.hxg5 hxg5 28.Rd1 Rg7
29.Rfd2 Kc6 30.Nf6 Nxf6 31.exf6 Rg8 32.Rxd7 Bxd7 33.Rd3 Rc8 34.Rc3+ Kb7 35.Re3 Be6
36.Re5 g4 37.Kc3 Rg8 38.Kd4 Re8  1/2-1/2

[Event "Danube op"]
[Site "Aschach"]
[Date "1998.12.27"]
[Round "3"]
[White "Balinov, Ilija"]
[Black "Moser, Eva"]
[Result "0-1"]
[WhiteElo "2450"]
[BlackElo "2190"]

1.d4 d6 2.e4 Nf6 3.Nc3 e5 4.Nf3 Nbd7 5.Bc4 Be7 6.O-O O-O 7.Re1 c6 8.a4 Qc7
9.a5 Rb8 10.Bd2 b5 11.axb6 axb6 12.b4 Bb7 13.Bd3 Ra8 14.Rxa8 Rxa8 15.Qb1 exd4
16.Nxd4 b5 17.Nf5 Bf8 18.Bf4 Ne5 19.h3 Re8 20.Bg5 Nfd7 21.Ne2 h6 22.Bf4 Kh7
23.Qc1 Qb6 24.Neg3 c5 25.Be3 Qc6 26.Bf1 Nf6 27.f3 d5 28.bxc5 dxe4 29.Nd4 Qc8
30.Bxb5 Rd8 31.f4 Nf3+ 32.gxf3 Qxh3 33.Bf2 exf3 34.Bf1 Qg4 35.c6 Nh5 36.Kh2 Qh4+
37.Bh3 Nxf4 38.Qxf4 Qxf4 39.cxb7 Bc5 40.Rd1 Ba7 41.Ne6 fxe6 42.Rxd8 Bxf2
43.b8=Q Bxg3+ 44.Kg1 f2+  0-1

[Event "Ambassador op"]
[Site "Bern"]
[Date "1998.12.27"]
[Round "3"]
[White "Rausis, Igors"]
[Black "Werner, Clemens"]
[Result "1-0"]
[WhiteElo "2535"]
[BlackElo "2340"]

1.e4 d6 2.d4 Nf6 3.Nc3 e5 4.dxe5 dxe5 5.Qxd8+ Kxd8 6.Bc4 Be6 7.Bxe6 fxe6
8.Be3 Bd6 9.Nf3 Nc6 10.Nd2 a6 11.f3 Ke7 12.O-O-O h6 13.Ne2 b5 14.Kb1 Nd7
15.Nc1 Bc5 16.Rhe1 Bb6 17.Nf1 Rhd8 18.Rd3 Bxe3 19.Nxe3 Nb4 20.Rd2 Nc5 21.Red1 Rxd2
22.Rxd2 Rd8 23.Rxd8 Kxd8 24.c3 Nbd3 25.Nxd3 Nxd3 26.Kc2 Nc5 27.Ng4 Nd7 28.c4 c6
29.Kc3 Kc7 30.b4 Kd6 31.Nf2 c5 32.Nd3 cxb4+ 33.Kxb4 bxc4 34.Kxc4 Kc6 35.Kb4 Kb6
36.Nb2 a5+ 37.Kc4 Kc6 38.Nd3 Nb6+ 39.Kb3 Nd7 40.Ka4 Kb6 41.h4 Ka6 42.Kb3 Kb5
43.Kc3 Kc6 44.g3 Kb5 45.Nb2 Nc5 46.h5 a4 47.Nc4 Nd7 48.Nd6+ Kc5 49.Ne8 Nf6
50.Nxg7 Kd6 51.Kb4 Ke7 52.Kxa4 Nh7 53.Kb5 Ng5 54.a4 Nxf3 55.a5 Nd4+ 56.Kb6 Kd7
57.a6 Nc6 58.Nxe6  1-0

[Event "Trinec op"]
[Site "Trinec"]
[Date "1998.12.31"]
[Round "6"]
[White "Berzinsh, Roland"]
[Black "Vokac, Marek"]
[Result "1/2-1/2"]
[WhiteElo "2445"]
[BlackElo "2525"]

1.e4 d6 2.d4 Nf6 3.Nc3 c6 4.Be2 e5 5.f4 Qa5 6.Bf3 Nbd7 7.Ne2 b5 8.Be3 Be7
9.Qd2 O-O 10.O-O b4 11.Nd1 Nb6 12.b3 d5 13.fxe5 Nxe4 14.Bxe4 dxe4 15.Nf2 Bf5
16.Ng3 Bg6 17.Nfxe4 Qd5 18.c4 bxc3 19.Nxc3 Qa5 20.Nce4 Qxd2 21.Nxd2 Nd5 22.Nc4 a5
23.Nf5 Bxf5 24.Rxf5 a4 25.Rff1 Rfb8 26.Bd2  1/2-1/2

[Event "Givataim international"]
[Site "Givataim"]
[Date "1998.12.??"]
[Round "?"]
[White "Kundin, Alexander"]
[Black "Erenburg, Sergey"]
[Result "1-0"]
[WhiteElo "2430"]
[BlackElo "2310"]

1.e4 d6 2.d4 Nf6 3.Nc3 Nbd7 4.Nf3 e5 5.Bc4 Be7 6.O-O O-O 7.Re1 c6 8.a4 a5
9.b3 h6 10.Ba3 Re8 11.h3 Qc7 12.Qd2 Nb6 13.Bf1 Be6 14.Rad1 Bf8 15.Nb1 exd4
16.Nxd4 d5 17.exd5 Bxd5 18.Rxe8 Nxe8 19.Bxf8 Kxf8 20.c4 Be4 21.Nc3 Nf6 22.Bd3 Bxd3
23.Qxd3 g6 24.Ne4 Nxe4 25.Qxe4 Re8 26.Qh4 Kg7 27.Nc2 Re7 28.Ne3 Rd7 29.Rxd7 Qxd7
30.Qf4 h5 31.Qe5+ Kh7 32.Qxa5 Nc8 33.Qe5 Qd2 34.g4 hxg4 35.hxg4 Qd7 36.Kg2 Nd6
37.Kf3 f5 38.gxf5 Nxf5 39.Nxf5 gxf5 40.Kf4 Kg6 41.c5 Qd2+ 42.Qe3 Qd7 43.b4 Kf7
44.Qb3+ Kg7 45.Qg3+ Kf7 46.Qb3+ Kg7 47.Ke5 Qe7+ 48.Qe6 Qh4 49.Qd7+ Kg8 50.Qc8+ Kg7
51.Qxb7+ Kh8 52.Qc8+ Kg7 53.Qd7+ Kh8 54.Qd4 f4 55.Kd6+ Kh7 56.Kxc6 Qh1+ 57.Kb6 Qa8
58.Qd7+ Kg8 59.a5 Qe4 60.Qc8+  1-0

[Event "AUT-chT2O 9798"]
[Site "Austria"]
[Date "1998.??.18"]
[Round "9"]
[White "Sandor, Christian"]
[Black "Hangweyrer, Manfred"]
[Result "1/2-1/2"]
[WhiteElo "2345"]
[BlackElo "2385"]

1.e4 d6 2.d4 Nf6 3.Nc3 c6 4.f4 Qa5 5.Bd3 e5 6.Nf3 Bg4 7.Be3 Nbd7 8.Qd2 Be7
9.O-O-O exf4 10.Bxf4 O-O-O 11.Kb1 Rhe8 12.h3 Bh5 13.e5 dxe5 14.dxe5 Nd5 15.e6 fxe6
16.Nb5 Nb4 17.a3 cxb5 18.axb4 Bxb4 19.c3 Bf8 20.Qe2 e5 21.Bg5 Nf6 22.Bf5+ Kb8
23.Rxd8+ Rxd8 24.Qxe5+ Bd6 25.Qe6 Qc7 26.Nd4 Bf7 27.Qe2 Bc4 28.Qc2 a6 29.Bxh7 Be5
30.Nf3 Bf4 31.Bf5 Bxg5 32.Nxg5 Qf4 33.Nf3 Re8 34.Bd3 b4 35.cxb4 Rc8 36.Bxc4 Rxc4
37.Qd3 Rxb4 38.Rd1 Ka7 39.Re1  1/2-1/2

[Event "UKR-chT"]
[Site "Alushta"]
[Date "1998.??.??"]
[Round "?"]
[White "Manojlo, Mikhail"]
[Black "Borsuk, Angela"]
[Result "0-1"]
[WhiteElo "2185"]
[BlackElo "2285"]

1.e4 d6 2.d4 Nf6 3.Nc3 c6 4.Nf3 Bg4 5.Be2 e6 6.Be3 Be7 7.O-O O-O 8.h3 Bxf3
9.Bxf3 d5 10.e5 Nfd7 11.Ne2 Na6 12.c3 Nc7 13.Qd3 f6 14.exf6 Bxf6 15.Bf4 e5
16.dxe5 Bxe5 17.Be3 Bd6 18.Bd4 Ne5 19.Bxe5 Bxe5 20.Nd4 Qf6 21.Rad1 Rad8 22.Bg4 Bxd4
23.Qxd4 Qxd4 24.Rxd4 c5 25.Rd3 Rf6 26.Re1 Kf8 27.Bf3 b6 28.Re5 Rfd6 29.Kf1 d4
30.cxd4 Rxd4 31.Rxd4 Rxd4 32.Ke1 Kf7 33.Re4 Rd6 34.Be2 Kf6 35.Ra4 a5 36.Rf4+ Ke7
37.Bc4 Rf6 38.Rxf6 Kxf6 39.Kd2 Ke5 40.Ke3 Nd5+ 41.Kd2 Nf4 42.g3 Kd4 43.Bf1 Nd5
44.b3 Nc3 45.Bd3 Nxa2 46.Bxh7 Nc3 47.h4 b5 48.h5 Nd5 49.Bd3 c4 50.bxc4 bxc4
51.Be2 a4 52.g4 a3 53.Kc1 c3 54.Bd1 a2  0-1

[Event "Paulisto-ch"]
[Site "Americana"]
[Date "1998.??.??"]
[Round "6"]
[White "Nogueira, Ivan K"]
[Black "Umetsubo, Cesar"]
[Result "1/2-1/2"]
[WhiteElo "2295"]
[BlackElo "2085"]

1.e4 d6 2.d4 Nf6 3.Nc3 c6 4.f4 Qa5 5.Qd2 e5 6.Nf3 Nbd7 7.Rb1 Be7 8.b4 Qc7
9.Bd3 O-O 10.O-O Re8 11.Qf2 Nf8 12.dxe5  1/2-1/2

[Event "BEL-chT 9798"]
[Site "Antwerp"]
[Date "1998.??.??"]
[Round "10"]
[White "Laurent, Bruno"]
[Black "Van Houtte, Thierry"]
[Result "1/2-1/2"]
[WhiteElo "2190"]
[BlackElo "2235"]

1.e4 d6 2.d4 Nf6 3.Nc3 e5 4.Nf3 Nbd7 5.Bc4 Be7 6.O-O O-O 7.Re1 c6 8.a4 b6
9.Qe2 a6 10.d5 c5 11.h3 Ne8 12.Bd3 Nc7 13.Nd2 Kh8 14.Nc4 Rb8 15.b3 Nf6 16.Bg5 Nfxd5
17.Nxd5 Nxd5 18.Bd2 Nc7 19.a5 b5 20.Nb6 Be6 21.f4 exf4 22.Bxf4 Bf6 23.e5 Bxe5
24.Bxe5 dxe5 25.Qxe5 Qd4+ 26.Kh2 Nd5 27.Qxd4 cxd4 28.Rxe6 fxe6 29.Nd7 Rbc8
30.Nxf8 Rxf8 31.Re1 Nc7 32.Re5 Rd8 33.Rc5 Rd7 34.Kg3 Rf7 35.Be4 g6 36.Bb7 Rd7
37.Rc6 d3 38.cxd3 Rxd3+ 39.Kf4 Nd5+ 40.Kg5 Rg3+ 41.Kh4 Rxb3 42.Rxe6 Rb4+
43.Kg3 Rb3+ 44.Kf2  1/2-1/2

[Event "Arco op"]
[Site "Arco"]
[Date "1998.??.??"]
[Round "6"]
[White "Lanzani, Mario"]
[Black "Lovati, Paolo"]
[Result "1-0"]
[WhiteElo "2375"]
[BlackElo "2050"]

1.e4 d6 2.d4 Nf6 3.Nc3 c6 4.g3 g6 5.Bg2 Bg7 6.Nge2 O-O 7.O-O e5 8.a4 a5 9.h3 Na6
10.Be3 exd4 11.Nxd4 Qc7 12.Re1 Be6 13.Qd2 Rad8 14.f4 Bc8 15.Qf2 Nd7 16.Rad1 Rfe8
17.g4 b6 18.g5 Nac5 19.Bf3 Nf8 20.Kg2 Bb7 21.Nde2 f6 22.h4 fxg5 23.hxg5 Rd7
24.Rd2 Rf7 25.Red1 Rd8 26.Nd4 h6 27.f5 hxg5 28.Bxg5 d5 29.exd5 Bxd4 30.Bxd8 Qxd8
31.Rxd4 cxd5 32.Bxd5 Bxd5+ 33.Rxd5 Qg5+ 34.Qg3  1-0

[Event "Bayern-ch Bank Hofmann 2nd"]
[Site "Bad Wiesse"]
[Date "1998.??.??"]
[Round "9"]
[White "Kountz, Jochen"]
[Black "Pehlgrim, Andreas"]
[Result "1-0"]
[WhiteElo "2290"]
[BlackElo "2180"]

1.e4 d6 2.d4 Nf6 3.Nc3 c6 4.f4 Qa5 5.e5 Ne4 6.Bd3 Nxc3 7.Qd2 g6 8.Qxc3 Qxc3+
9.bxc3 Be6 10.Nf3 Bd5 11.O-O Bxf3 12.Rxf3 e6 13.Rb1 b6 14.Ba3 d5 15.Bxf8 Kxf8
16.g4 h5 17.Rh3 Nd7 18.gxh5 Kg7 19.Kg2 b5 20.Rf1 Nb6 21.Rff3 Nc8 22.Rfg3 Ne7
23.Rg5 Rh6 24.hxg6 fxg6 25.Rxh6 Kxh6 26.h4 Rb8 27.a3 Rb6 28.h5 gxh5 29.Kg3 Rb8
30.Kh4 Rg8 31.Rxh5+ Kg7 32.Rg5+ Kf8 33.Rxg8+ Kxg8 34.Kg5 Kf7 35.f5 Nc8 36.f6 Nb6
37.Be2 Nd7 38.Bh5+ Kf8 39.Kg6 c5 40.Bg4 cxd4 41.cxd4 a5 42.Bxe6 Nb6 43.c3 Na4
44.Bd7  1-0

[Event "Bad Wildungen op"]
[Site "Bad Wildungen"]
[Date "1998.??.??"]
[Round "5"]
[White "Mueller, Achim"]
[Black "Ullrich, M."]
[Result "1-0"]
[WhiteElo "2205"]
[BlackElo "2050"]

1.e4 d6 2.d4 Nf6 3.Nc3 c6 4.f4 Qa5 5.Bd3 e5 6.Nf3 Bg4 7.Be3 Nbd7 8.O-O Be7
9.Qe1 O-O 10.Nd5 Qd8 11.Nxe7+ Qxe7 12.Qh4 Bxf3 13.gxf3 Nd5 14.Qxe7 Nxe7 15.fxe5 dxe5
16.f4 exd4 17.Bxd4 c5 18.Bf2 a6 19.Rad1 Rfd8 20.Be2 Rac8 21.e5 Nc6 22.Bg4 Ncb8
23.Bh4 g5 24.Bxg5 f6  1-0

[Event "Hessen-ch"]
[Site "Bad Wildungen"]
[Date "1998.??.??"]
[Round "10"]
[White "Kersten, Uwe"]
[Black "Solonar, Stephan"]
[Result "1-0"]
[WhiteElo "2360"]
[BlackElo "2315"]

1.e4 d6 2.d4 Nf6 3.Nc3 c6 4.g3 Nbd7 5.a4 e5 6.Nge2 Be7 7.Bg2 O-O 8.O-O b6
9.h3 h5 10.Be3 Bb7 11.f4 Qc7 12.Bf3 a6 13.dxe5 dxe5 14.f5 b5 15.g4 hxg4 16.hxg4 b4
17.Nb1 Bc5 18.Qc1 Qb6 19.Kf2 Nh7 20.a5 Qa7 21.Bxc5 Nxc5 22.Kg2 f6 23.Qe3 Ng5
24.Nd2 Rfd8 25.Rad1 Kf8 26.Nc4 Rxd1 27.Rxd1 Ncxe4 28.Nb6 c5 29.Rd7 Nxf3 30.Kxf3 Re8
31.Ng3 Ng5+ 32.Kf2 Kg8 33.Nh5 Kh8 34.Nxg7 Qb8 35.Nxe8 Bc6 36.Nxf6  1-0

[Event "Bad Zwesten op"]
[Site "Bad Zwesten"]
[Date "1998.??.??"]
[Round "5"]
[White "Zumsande, Martin"]
[Black "Hillgaertner, Walter"]
[Result "1-0"]
[WhiteElo "2230"]
[BlackElo "2125"]

1.e4 d6 2.d4 Nf6 3.Nc3 Nbd7 4.f4 e5 5.Nf3 exd4 6.Qxd4 Nc5 7.Bc4 Be6 8.Bd2 Be7
9.O-O-O O-O 10.Bxe6 Nxe6 11.Qf2 Qe8 12.g4 Qc6 13.f5 Nc5 14.Nd4 Qa6 15.Rde1 Qc4
16.b3 Qa6 17.g5 Qa3+ 18.Kb1 Ng4 19.Qf3 Ne5 20.f6 Bd8 21.fxg7 Kxg7 22.Nd5 Ne6
23.Nf5+ Kh8 24.Bc3 f6 25.Bxe5 fxe5 26.g6 Rg8 27.g7+ Nxg7 28.Nh6 Rf8 29.Rhg1  1-0

[Event "Regionalliga SO9798"]
[Site "Bayern"]
[Date "1998.??.??"]
[Round "?"]
[White "Prediger, Rupert"]
[Black "Lautner, Josef"]
[Result "1/2-1/2"]
[WhiteElo "2220"]
[BlackElo "2170"]

1.e4 d6 2.d4 Nf6 3.Nc3 c6 4.f4 Qa5 5.Bd3 e5 6.Nf3 Bg4 7.Be3 Nbd7 8.Qd2 Bxf3
9.gxf3 Nh5 10.f5 g6 11.fxg6 hxg6 12.O-O-O O-O-O 13.Bc4 Rh7 14.Kb1 Kb8 15.Rhf1 b5
16.Bd3 exd4 17.Bxd4 b4 18.Ne2 Bh6 19.Be3 Bxe3 20.Qxe3 Nhf6 21.Bc4 Ne5 22.Bb3 Qc7
23.Qf4 Qe7 24.c3 bxc3 25.Nxc3 Rdh8 26.Rd2 Rh4 27.Qe3  1/2-1/2

[Event "Regionalliga SO9899"]
[Site "Bayern"]
[Date "1998.??.??"]
[Round "?"]
[White "Leibl, Ludwig"]
[Black "Rader, Lothar"]
[Result "1-0"]
[WhiteElo "1755"]
[BlackElo "1765"]

1.e4 d6 2.d4 Nf6 3.Nc3 c6 4.f3 Qa5 5.Be3 e5 6.Ne2 Be7 7.Qd2 b5 8.Ng3 O-O
9.Be2 Be6 10.d5 cxd5 11.Nxb5 Qxd2+ 12.Bxd2 Rc8 13.O-O-O d4 14.Kb1 Nbd7 15.Nf5 Bxf5
16.exf5 a6 17.Na3 d5 18.Rc1 Nb6 19.c3 Bxa3 20.bxa3 dxc3 21.Bxc3 Nfd7 22.Rhd1 d4
23.Ba5 Na4 24.Ka1 Ndc5 25.Bc4 Kf8 26.f4 f6 27.fxe5 fxe5 28.Re1 Re8 29.Bd5 Rac8
30.Bb4 d3 31.Be6 Rc7 32.Rxe5 d2 33.Rexc5 Rxc5 34.Rxc5 a5 35.Rxa5+  1-0

[Event "Regionalliga SO9798"]
[Site "Bayern"]
[Date "1998.??.??"]
[Round "?"]
[White "Bensch, Patrick"]
[Black "Lautner, Josef"]
[Result "1-0"]
[WhiteElo "2110"]
[BlackElo "2175"]

1.e4 d6 2.d4 Nf6 3.Nc3 c6 4.f4 Qa5 5.Bd3 e5 6.Nf3 Bg4 7.Be3 Nbd7 8.O-O Be7
9.h3 Bxf3 10.Qxf3 b5 11.Ne2 Bd8 12.c3 c5 13.b4 cxb4 14.cxb4 Qxb4 15.Rfb1 Qa3
16.Rb3 Qa5 17.Rxb5 Qa3 18.Bd2 a6 19.Rb3 Qa4 20.Rb4 Qa3 21.fxe5 dxe5 22.Rb3 Qa4
23.Bb4 Qc6 24.Rc1 Qb6 25.Bc5 Nxc5 26.Rxb6 Nxd3 27.Rcb1 Bxb6 28.Rxb6  1-0

[Event "Regionalliga SO9899"]
[Site "Bayern"]
[Date "1998.??.??"]
[Round "?"]
[White "Eggerer, Stefan"]
[Black "Pollinger, Michael"]
[Result "1/2-1/2"]
[WhiteElo "2090"]
[BlackElo "2080"]

1.e4 d6 2.d4 Nf6 3.Nc3 Nbd7 4.Nf3 e5 5.Bc4 Be7 6.O-O O-O 7.Qe2 exd4 8.Nxd4 Ne5
9.Bb3 c5 10.Nf5 Bxf5 11.exf5 Nc6 12.Nd5 Re8 13.c3 Qd7 14.Qf3 Ne5 15.Nxf6+ Bxf6
16.Qd5 c4 17.Bc2 Rac8 18.Be3 Nd3 19.Bxd3 Re5 20.Qf3 cxd3 21.Rfd1 Qb5 22.Rd2 Rxf5
23.Qe4 Rd5 24.Bxa7 Re8 25.a4 Qc6 26.Qf3 Bg5 27.Rxd3 Qxa4 28.Rdd1  1/2-1/2

[Event "Regionalliga SO9798"]
[Site "Bayern"]
[Date "1998.??.??"]
[Round "?"]
[White "Pollinger, Michael"]
[Black "Lautner, Josef"]
[Result "1/2-1/2"]
[WhiteElo "2075"]
[BlackElo "2175"]

1.e4 d6 2.d4 Nf6 3.Nc3 c6 4.f4 Qa5 5.e5 Ne4 6.Qf3 Nxc3 7.Bd2 Qd5 8.Qxc3 Bf5
9.Nf3 b5 10.a4 Nd7 11.axb5 cxb5 12.Rxa7 Rb8 13.Bd3 Bxd3 14.Qxd3 e6 15.O-O dxe5
16.Nxe5 Nxe5 17.fxe5 Be7 18.Qg3 Qxd4+ 19.Be3 Qe4 20.Rf4 Qg6 21.Qf3 Qxc2 22.Rxf7 Qb1+
23.Qf1 Qxf1+ 24.Rxf1 Rf8 25.Rxe7+  1/2-1/2

[Event "Landesliga Nord9798"]
[Site "Bayern"]
[Date "1998.??.??"]
[Round "?"]
[White "Link, Klaus"]
[Black "Gerstorfer, Werner"]
[Result "0-1"]
[WhiteElo "1975"]
[BlackElo "1995"]

1.e4 d6 2.d4 Nf6 3.Nc3 c6 4.Nf3 Bg4 5.Be2 e6 6.Be3 Be7 7.e5 Nd5 8.Nxd5 exd5
9.O-O O-O 10.h3 Bh5 11.Rc1 Nd7 12.Bf4 dxe5 13.Nxe5 Bxe2 14.Qxe2 Re8 15.Qh5 Nxe5
16.Bxe5 Bd6 17.Rfe1 Bxe5 18.Rxe5 Rxe5 19.Qxe5 Qd7 20.Re1 Kf8 21.Qf4 a6 22.Kf1 h6
23.b3 Rd8 24.Re5 f6 25.Re2 Re8 26.Rxe8+ Kxe8 27.Qb8+ Kf7 28.a4 Qe7 29.Qc8 Kg6
30.Qg4+ Kf7 31.Qh5+ Kf8 32.Qf5 Kf7 33.Qc8 Kg6 34.Qg4+ Kf7 35.h4 Kf8 36.Qc8+ Kf7
37.Qf5 Qe6 38.Qf4 h5 39.f3 Qe7 40.c3 g6 41.Qh6 Qf8 42.Qf4 Qe7 43.b4 Kg7 44.Kf2 Kh7
45.Qb8 Kg7 46.Qc8 f5 47.g3 f4 48.Qb8 Qe3+ 49.Kg2 Qe2+ 50.Kg1 Qe1+ 51.Kg2 Qxg3+
52.Kf1 Qxf3+ 53.Kg1 Qe3+ 54.Kf1 f3 55.Qxb7+ Kh6 56.Qxa6 Qxc3 57.Kf2 Qxd4+
58.Kxf3 Qe4+ 59.Kg3 Qg4+ 60.Kf2 Qxh4+ 61.Ke3 Qe4+ 62.Kf2 d4 63.Qc8 Qe3+ 64.Kg2 Qg5+
65.Kf3 Qd5+ 66.Kf2 Qa2+ 67.Kf3 Qa3+ 68.Kf2 Qe3+ 69.Kg2 Qe4+ 70.Kf2 d3 71.Qf8+ Kg5
72.Qd8+ Kg4 73.Qd7+ Kh4 74.Qd6 Qe2+ 75.Kg1 d2  0-1

[Event "Regionalliga SW9798"]
[Site "Bayern"]
[Date "1998.??.??"]
[Round "?"]
[White "Scherer, Armin"]
[Black "Wolf, Gerhard"]
[Result "0-1"]
[WhiteElo "1900"]
[BlackElo "2020"]

1.e4 d6 2.d4 Nf6 3.Nc3 c6 4.Be3 Qa5 5.f3 e5 6.Ne2 Be7 7.Qd2 O-O 8.O-O-O b5
9.Kb1 b4 10.Nd5 cxd5 11.dxe5 dxe5 12.exd5 Rd8 13.Ng3 Rxd5 14.Bd3 Be6 15.b3 Rd7
16.Qf2 Nd5 17.Ne2 Nc6 18.Be4 Rad8  0-1